Ile to sekund? - Statystyki

Ogólne statystyki
  • Ten quiz został rozwiązany 38 razy
  • Średni wynik to 4 z 7
Statystyki odpowiedzi
Jednostka czasowa Ile to sekund? % Poprawnych
Minuta 60
100%
Godzina 3600
91%
Kwadrans 900
88%
Doba 86400
56%
Tydzień 604800
35%
Miesiąc (28 dni) 2419200
24%
Rok (zwykły) 31449600
3%
Nie znaleziono quizów pasujących do podanych kryteriów
Rozkład punktacji
Procent ludzi z każdym wynikiem
Percentyl według liczby udzielonych odpowiedzi
Twoja historia wyników
Nie rozwiązałeś tego quizu